Condicio impossibilis

Furkejuvvon:
Bibliográfalaš dieđut
Váldodahkki: Consentini, Cristóforo (Dahkki)
Materiálatiipa: Girji
Giella:itáliagiella
Almmustuhtton: Milán Dott. A. Giuffrè 1952
Ráidu:Pubblicazioni della Facoltà di Giurisprudenza, 17
Fáttát:
Fáddágilkorat: Lasit fáddágilkoriid
Eai fáddágilkorat, Lasit vuosttaš fáddágilkora!

MARC

LEADER 00000nam a2200000 a 4500
001 UCR1031
003 CL-VaPUC
008 971205e19520000IT |||||||||||||||||ita|d
082 0 4 |a 340.5401  |b COS  |2 21 
100 0 |a Consentini, Cristóforo  |e author  |9 397789 
245 1 0 |a Condicio impossibilis 
300 |a 209 p 
942 |c BK 
945 |d 19971205 00:00:00  |a aolguin 
260 |a Milán  |b Dott. A. Giuffrè  |c 1952 
650 0 |a Derecho romano  |9 255930 
650 7 |a FUENTES  |2 CL-VaPUC  |9 255666 
650 7 |a CONDICIO IMPOSSIBILIS  |2 CL-VaPUC  |9 397790 
650 0 |a Testamento  |9 258220 
650 7 |a DERECHO HEREDITARIO  |2 CL-VaPUC  |9 397791 
583 |a last modification  |c 19971205 00:00:00  |k Rodrigo Vera 
490 0 |a Pubblicazioni della Facoltà di Giurisprudenza, 17 
999 |c 264526  |d 264524 
952 |0 0  |1 0  |4 0  |6 340_540100000000000_COS_1952  |7 0  |8 DER_ROM  |9 294810  |a BIBDER  |b BIBDER  |d 2019-11-19  |i 1909193  |l 1  |o 340.5401 COS 1952  |p 1909193  |r 2023-01-25  |s 2020-03-19  |w 2019-11-19  |x Ubicación 4to piso  |y BK  |z Este recurso debe solicitarse con anticipación  |k DER